Statistiques concernant Culture Générale - Série 1226

Cliquez ici pour prendre le quiz!

Statistiques générales

  • Ce quiz a été pris 44 fois
  • Le résultat moyen est 4 sur 10

Statistiques - réponses

Question Réponse % Correct
Hormis les étoiles jaunes, de quelle couleur est le drapeau chinois ?rouge
100%
Quel mot désigne spécifiquement un jeune lapin ?lapereau
83%
Quelle cucurbitacée est, avec le yaourt, l'ingrédient indispensable du tzatziki ?concombre
80%
A quel pays appartient l'île de Formentera ?Espagne
56%
Quel genre d'outil est une smille ?marteau
32%
Ville de l'Ain connue pour son lac, et dont une sauce porte le nomNantua
24%
Réalisateur espagnol, prénommé Carlos, auteur de "Cria cuervos" et "noces de sang"Carlos Saura
22%
En 1972, quel chef d'orchestre autrichien a écrit les arrangements des trois versions officielles de l'hymne européen ?Herbert von Karajan
17%
Quel prénom portait la mascotte de l'équipe de France pour la coupe du monde de football 1998 ?Jules
10%
A quel écrivain français doit-on le recueil "Émaux et Camées" en 1852 ?Théophile Gautier
7%

Distribution des résultats

Percentile par nombre de réponses

% des personnes avec chaque résultat

Votre développement - résultats

Vous n’avez pas pris ce quiz